Responses for show #7747 - Tuesday, April 24, 2018

Contestants

[<< previous game]

Alyssa Abel, a bookseller from Waupaca, Wisconsin

Randy Mathews, a fragrance specialist from Houston, Texas

Kate Jovin, a social worker from Somerville, Massachusetts (whose 1-day cash winnings total $28,799)

[next game >>]

Jeopardy! Round responses

TWIN PEEKS
WORLD LEADERS
STATE CONSUMABLES
MOVIE TITLES IN FOREIGN LANDS
ALL GOOD THINGS
MUST COME TO AN "N"
(Alex: "N"--the letter "N"--will be at the end of each correct response.)
    $200 6
the Tower of London

Alyssa
    $200 16
Putin

Alyssa
    $200 1
cranberry juice

Kate
    $200 7
Grease

Randy
    $200 26
a St. Bernard

Kate
    $200 17
tuition

Alyssa
    $400 12
the Guinness Book of World Records

Randy
    $400 22
Kim Jong-un

Randy
    $400 2
New York

Kate
    $400 8
Despicable Me

Randy
    $400 27
Dom Perignon

Randy
    $400 18
wean

Kate
    $600 13
Texas

Randy
    $600 23
(Alyssa: What is Germany?)

Austria

KateAlyssa
    $600 3
collard greens

Randy
    $600 9
Home Alone

Kate
    $600 28
Swiss Army

Randy
    $600 19
an urn

Randy
    $800 14
Tegan and Sara

Kate
    $800 24
Labour

Kate
    $800 4
blueberry pie

Kate
    $800 10
Top Gun

Randy
    $2,000 29
[The end-of-round signal sounds.]

Doctors Without Borders

Randy
    $800 20
contrition

Kate
    $1000 15
Shaffer

Triple Stumper
    $1000 25
(Alex: Less than a minute now.)

Uganda

Triple Stumper
    $1000 5
pawpaw

Triple Stumper
    $1000 11
Baby Driver

Randy
    $1000 21
brawn

Kate

Scores at the first commercial break (after clue 15):

Kate Randy Alyssa
$2,800 $4,000 $200

Scores at the end of the Jeopardy! Round:

Kate Randy Alyssa
$6,600 $8,000 $0

Double Jeopardy! Round responses

LITERATURE ON THE MAP
THEY'RE IN THE BAND
ADVERTISING
DECLARATION OF INDEPENDENCE SIGNERS
SUPER HEROIC TERMS
A WORD IN YOUR EAR
    $400 18
Crime and Punishment

Kate
    $400 1
Keith Richards

Alyssa
    $400 4
a demographic

Alyssa
    $400 30
(Kate: What is Georgia?)

Virginia

KateRandy
    $400 16
his utility belt

Randy
    $400 11
lobe

Randy
    $800 19
Big Sur

Randy
    $800 2
Justin Timberlake

Alyssa
    $800 7
the Federal Trade Commission

Randy
    $800 29
John and Samuel Adams

Kate
    $800 17
alter ego

Kate
    $800 12
a hammer

Randy
    $1,800 20
Kabul

Randy
    $1200 3
Hootie & the Blowfish

Kate
    $1200 8
(Randy: What is face to face?)

word of mouth

Randy
Triple Stumper
    $900 28
Elbridge Gerry

Kate
    $1200 21
a sidekick

Alyssa
    $1200 13
the tympanic

Alyssa
    $1600 22
True Grit

Alyssa
    $1600 5
Alabama Shakes

Kate
    $1600 9
IBM

Randy
    $1600 27
Benjamin Rush

Triple Stumper
    $1600 24
(Randy: What is... a majordomo?)

a henchman

Randy
Triple Stumper
    $1600 14
a helix

Randy
    $2000 23
Native Son

Triple Stumper
    $2000 6
the Monkees

Randy
    $2000 10
pop-ups

Kate
    $2000 26
(Alex: We have less than a minute now.)

Maryland

Triple Stumper
    $2000 25
a rogues' gallery

Kate
    $2000 15
the auricle

Triple Stumper

Scores at the end of the Double Jeopardy! Round:

Kate Randy Alyssa
$15,900 $15,800 $5,600

[wagering suggestions for these scores]

Final Jeopardy! Round responses

AFRICA
AlyssaWhat is the equat
$5,599
RandyWhat is the equator?
$4,200
KateWhat the center of Africa?
$15,900
the Equator

Final scores:

Kate Randy Alyssa
$0 $20,000 $1
3rd place: $1,000 New champion: $20,000 2nd place: $2,000

Game dynamics:

Coryat scores:

Kate Randy Alyssa
$16,200 $14,000 $5,600
19 R
(including 1 DD),
1 W
22 R
(including 2 DDs),
2 W
9 R,
1 W

Combined Coryat: $35,800

The J! Archive is created by fans, for fans. The Jeopardy! game show and all elements thereof, including but not limited to copyright and trademark thereto, are the property of Jeopardy Productions, Inc. and are protected under law. This website is not affiliated with, sponsored by, or operated by Jeopardy Productions, Inc. Join the discussion at JBoard.tv.